MARC details
| 000 -LEADER |
| campo de control de longitud fija |
02286cam a22005174a 4500 |
| 001 - NÚMERO DE CONTROL |
| campo de control |
42464 |
| 005 - FECHA Y HORA DE LA ÚLTIMA TRANSACCIÓN |
| campo de control |
20230410121208.0 |
| 008 - DATOS DE LONGITUD FIJA--INFORMACIÓN GENERAL |
| campo de control de longitud fija |
050725s2006 coua b 001 0deng |
| 010 ## - NÚMERO DE CONTROL DE LA BIBLIOTECA DEL CONGRESO |
| Número de control de LC |
2005021178 |
| 035 ## - NÚMERO DE CONTROL DEL SISTEMA |
| Número de control de sistema |
(OCoLC)ocm61151578 |
| 040 ## - FUENTE DE CATALOGACIÓN |
| Centro catalogador/agencia de origen |
DLC |
| Centro/agencia transcriptor |
DLC |
| Centro/agencia modificador |
BAKER |
| -- |
C#P |
| -- |
SYB |
| -- |
UBY |
| -- |
UKM |
| -- |
YDXCP |
| -- |
OCLCQ |
| -- |
BTCTA |
| -- |
MUQ |
| 015 ## - NÚMERO DE BIBLIOGRAFÍA NACIONAL |
| Número de bibliografía nacional |
GBA565391 |
| Fuente |
bnb |
| 016 7# - NÚMERO DE CONTROL DE UNA AGENCIA BIBLIOGRÁFICA NACIONAL |
| Número de control del registro |
013265503 |
| Fuente |
Uk |
| 019 ## - |
| -- |
62865018 |
| 020 ## - NÚMERO INTERNACIONAL ESTÁNDAR DEL LIBRO |
| Número Internacional Estándar del Libro |
1588263673 (hardcover : alk. paper) |
| 020 ## - NÚMERO INTERNACIONAL ESTÁNDAR DEL LIBRO |
| Número Internacional Estándar del Libro |
9781588263674 (hardcover : alk. paper) |
| 020 ## - NÚMERO INTERNACIONAL ESTÁNDAR DEL LIBRO |
| Número Internacional Estándar del Libro |
1588263924 (pbk. : alk. paper) |
| 020 ## - NÚMERO INTERNACIONAL ESTÁNDAR DEL LIBRO |
| Número Internacional Estándar del Libro |
9781588263926 (pbk. : alk. paper) |
| 029 1# - OTRO NÚMERO DE CONTROL DE SISTEMA (OCLC) |
| Identificador de la biblioteca OCLC |
YDXCP |
| Número de control de sistema |
2203258 |
| 029 1# - OTRO NÚMERO DE CONTROL DE SISTEMA (OCLC) |
| Identificador de la biblioteca OCLC |
YDXCP |
| Número de control de sistema |
2203260 |
| 029 1# - OTRO NÚMERO DE CONTROL DE SISTEMA (OCLC) |
| Identificador de la biblioteca OCLC |
NZ1 |
| Número de control de sistema |
9908698 |
| 035 ## - NÚMERO DE CONTROL DEL SISTEMA |
| Número de control de sistema |
(OCoLC)61151578 |
| Número de control cancelado/no válido |
(OCoLC)62865018 |
| 042 ## - CÓDIGO DE AUTENTICACIÓN |
| Código de autenticación |
pcc |
| 050 14 - SIGNATURA TOPOGRÁFICA DE LA BIBLIOTECA DEL CONGRESO |
| Número de clasificación |
JZ 4839 |
| Número de ítem |
Z97i 2006 |
| 082 00 - NÚMERO DE LA CLASIFICACIÓN DECIMAL DEWEY |
| Número de clasificación |
341.2 |
| Número de edición |
22 |
| 100 1# - ENTRADA PRINCIPAL--NOMBRE DE PERSONA |
| Nombre de persona |
Zweifel, Thomas D., |
| Fechas asociadas al nombre |
1962- |
| 245 10 - MENCIÓN DEL TÍTULO |
| Título |
International organizations and democracy : |
| Resto del título |
accountability, politics, and power / |
| Mención de responsabilidad, etc. |
Thomas D. Zweifel. |
| 260 ## - PUBLICACIÓN, DISTRIBUCIÓN, ETC. |
| Lugar de publicación, distribución, etc. |
Boulder, Colo. : |
| Nombre del editor, distribuidor, etc. |
L. Rienner, |
| Fecha de publicación, distribución, etc. |
2006. |
| 300 ## - DESCRIPCIÓN FÍSICA |
| Extensión |
xii, 225 p. : |
| Otras características físicas |
ill. ; |
| Dimensiones |
24 cm. |
| 504 ## - NOTA DE BIBLIOGRAFÍA, ETC. |
| Nota de bibliografía, etc. |
Includes bibliographical references (p. 193-215) and index. |
| 505 00 - NOTA DE CONTENIDO CON FORMATO |
| Título |
Transnational democracy -- |
| -- |
A brief history of international organization -- |
| -- |
The United Nations -- |
| -- |
The World Bank -- |
| -- |
The International Monetary Fund -- |
| -- |
The World Trade Organization -- |
| -- |
The European Union -- |
| -- |
From the Organization of African Unity to the African Union -- |
| -- |
Other regional organizations -- |
| -- |
Global citizenship? |
| 650 #0 - PUNTO DE ACCESO ADICIONAL DE MATERIA--TÉRMINO DE MATERIA |
| Término de materia o nombre geográfico como elemento de entrada |
International agencies |
| Subdivisión general |
Political aspects |
| Subdivisión de forma |
Case studies. |
| 650 #0 - PUNTO DE ACCESO ADICIONAL DE MATERIA--TÉRMINO DE MATERIA |
| Término de materia o nombre geográfico como elemento de entrada |
International agencies |
| Subdivisión general |
Management |
| Subdivisión de forma |
Case studies. |
| 650 #0 - PUNTO DE ACCESO ADICIONAL DE MATERIA--TÉRMINO DE MATERIA |
| Término de materia o nombre geográfico como elemento de entrada |
Democracy. |
| 650 #6 - PUNTO DE ACCESO ADICIONAL DE MATERIA--TÉRMINO DE MATERIA |
| Término de materia o nombre geográfico como elemento de entrada |
Organisations internationales |
| Subdivisión general |
Aspect politique |
| Subdivisión de forma |
Cas, âEtudes de. |
| 650 #6 - PUNTO DE ACCESO ADICIONAL DE MATERIA--TÉRMINO DE MATERIA |
| Término de materia o nombre geográfico como elemento de entrada |
Organisations internationales |
| Subdivisión general |
Administration |
| Subdivisión de forma |
Cas, âEtudes de. |
| 650 #6 - PUNTO DE ACCESO ADICIONAL DE MATERIA--TÉRMINO DE MATERIA |
| Término de materia o nombre geográfico como elemento de entrada |
Dâemocratie. |
| 856 41 - LOCALIZACIÓN Y ACCESO ELECTRÓNICOS |
| Materiales especificados |
Table of contents |
| Identificador Uniforme de Recursos |
<a href="http://www.loc.gov/catdir/toc/ecip0516/2005021178.html">http://www.loc.gov/catdir/toc/ecip0516/2005021178.html</a> |
| 938 ## - |
| -- |
Baker & Taylor |
| -- |
BKTY |
| -- |
49.95 |
| -- |
49.95 |
| -- |
1588263673 |
| -- |
0006435128 |
| -- |
active |
| 938 ## - |
| -- |
Baker & Taylor |
| -- |
BKTY |
| -- |
19.95 |
| -- |
19.95 |
| -- |
1588263924 |
| -- |
0006435135 |
| -- |
active |
| 938 ## - |
| -- |
Baker and Taylor |
| -- |
BTCP |
| -- |
2005021178 |
| 938 ## - |
| -- |
YBP Library Services |
| -- |
YANK |
| -- |
2203260 |
| 942 ## - ELEMENTOS DE ENTRADA SECUNDARIOS (KOHA) |
| Fuente del sistema de clasificación o colocación |
Clasificación de Library of Congress |
| Tipo de ítem Koha |
|
| 994 ## - |
| -- |
C0 |
| -- |
DRFGD |
| 946 ## - PROCESAMIENTO DE INFORMACIÓN LOCAL (OCLC) |
| a |
YSepulveda |